[Event "Almansa op-B 5th"]
[Site "Almansa"]
[Date "2010.08.09"]
[Round "1.1"]
[White "Benitez Fernandez, Pedro Vicente"]
[Black "Marti Pons, Eugeni"]
[Result "1-0"]
[WhiteElo "1998"]
[BlackElo "1745"]
[PlyCount "71"]
[EventDate "2010.08.09"]
[EventType "swiss"]
[EventRounds "9"]
[EventCountry "ESP"]
[SourceTitle "EXT 2024"]
[Source "ChessBase"]
[SourceDate "2023.10.10"]
[SourceVersion "1"]
[SourceVersionDate "2023.10.10"]
[SourceQuality "1"]

1. e4 c5 2. Nf3 Nc6 3. d4 cxd4 4. Nxd4 Nf6 5. Nc3 e5 6. Ndb5 d6 7. Bg5 a6 8. Na3 b5 9. Bxf6 Qxf6 10. Nd5 Qd8 11. c3 Ne7 12. Be2 Nxd5 13. exd5 Be7 14. Nc2 0-0 15. 0-0 f5 16. a4 bxa4 17. Rxa4 a5 18. Bb5 f4 19. Bc6 Rb8 20. Na3 Bh4 21. Nc4 Qg5 22. Nxd6 Bh3 23. Qf3 Bg4 24. Qd3 f3 25. g3 Bxg3 26. fxg3 Rxb2 27. Rf2 Qc1+ 28. Qf1 Qxf1+ 29. Rxf1 Rg2+ 30. Kh1 Bh3 31. Bb5 Rb2 32. Rxa5 Bg2+ 33. Kg1 Rxb5 34. Rxb5 h6 35. Rfb1 Kh7 36. Ne4 1-0

[Event "La Roda op 32nd"]
[Site "La Roda"]
[Date "2005.03.23"]
[Round "1"]
[White "Saldano Dayer, Horacio"]
[Black "Benitez Fernandez, Pedro Vicente"]
[Result "1-0"]
[WhiteElo "2482"]
[BlackElo "2007"]
[PlyCount "63"]
[EventDate "2005.03.23"]
[EventType "swiss"]
[EventRounds "9"]
[EventCountry "ESP"]
[SourceTitle "CBM 105 Extra"]
[Source "ChessBase"]
[SourceDate "2005.05.01"]
[SourceVersion "1"]
[SourceVersionDate "2005.05.01"]
[SourceQuality "1"]

1. e4 e5 2. Nf3 Nc6 3. Bb5 a6 4. Ba4 Nf6 5. 0-0 b5 6. Bb3 Be7 7. Re1 d6 8. c3 0-0 9. d4 Bg4 10. Be3 h6 11. h3 Bxf3 12. Qxf3 Rb8 13. Nd2 Kh7 14. Nf1 Na5 15. Ng3 g6 16. dxe5 dxe5 17. Rad1 Qe8 18. Bc2 Nc4 19. Bc1 Qc6 20. b3 Nb6 21. h4 Ng8 22. h5 Qf6 23. Qe2 Qh4 24. Rd3 Rbd8 25. Rf3 Nf6 26. hxg6+ fxg6 27. Nf5 gxf5 28. Rh3 Qxh3 29. gxh3 Rg8+ 30. Kh1 Rg7 31. exf5 Rdg8 32. Qe3 1-0